| 000 | 00378nam a2200157Ia 4500 | ||
|---|---|---|---|
| 003 | Ost | ||
| 005 | 20260225132557.0 | ||
| 008 | 260225s9999||||xx |||||||||||||| ||und|| | ||
| 040 | _cfsic | ||
| 041 | _afre | ||
| 082 | _a302.23 | ||
| 100 |
_aM. Bensemmane _eAuteur |
||
| 245 | 0 | _aBridging the gap language culture and literature / | |
| 245 | 0 | _cM. Bensemmane | |
| 942 | _cكتاب | ||
| 999 |
_c34521 _d34521 |
||